| 000 | 00877nam a22001217a 4500 | ||
|---|---|---|---|
| 040 | _cRUA | ||
| 100 | _aNHOU CHANTHOU. ញ៉ូ ចន្ចូ | ||
| 245 | _aSTUDY ON THE FARMERS' PERCETION OF LOSSES AND LOSS MANAGEMENT STRATEGY IN POST HARVEST OF RICE YIELD IN KAMPONG SPEU PROVINCE.សិក្សាផ្នត់គំនិតកសិករលើការបាត់បង់ទិន្នផលស្រូវនិងយុទ្ធសាស្ត្រនៃការគ្រប់គ្រងនៃការបាត់បង់ក្រោយពេលប្រតិបត្តិការប្រមូលផលស្រូវក្នុងខេត្តកំពង់ស្ពឺ | ||
| 260 | _aPhnom Penh | ||
| 300 |
_aXI.53P _bVIII. _c29CM |
||
| 856 | _uhttps://drive.google.com/file/d/1MtCsP0v-SEYc4i5hctofKXTJXj2E277v/view?usp=sharing | ||
| 942 | _cMNR | ||
| 999 |
_c21813 _d21813 |
||